000 00920nam a22002297a 4500
005 20240301162528.0
010 _a1718EN-30 ENG-139414
020 _a9789381162521
_c495.00
035 _aB-686896-903 EN-122946
037 _bAne Books
_adpl
082 _a615.19
100 _aAhluwalia, V.K.
_962744
245 _aMedical chemistry /
_cby V.K. Ahluwalia [and] Madhu Chopra
250 _a2nd ed
260 _aNew Delhi
_bAne Books
_c2017
270 _a4821, Parwana Bhawan, Ist Floor, 24 Ansari Road, Daryaganj,
_bNew Delhi
_e110002
300 _axxi,410p.
_c23cm(pbk)
500 _aIncludes index
700 _aChopra, Madhu
_962379
942 _2ddc
_cEN
_h615.19
_mAHL
999 _c146223
_d146223